[Event "Madrid-ch Previa-A"]
[Site "Madrid"]
[Date "2018.02.07"]
[Round "3"]
[White "Alises Fontecha, Juan"]
[Black "Jimenez Garcia, Rodrigo"]
[Result "0-1"]
[WhiteElo "1515"]
[BlackElo "1783"]
[PlyCount "114"]
[EventDate "2018.02.05"]
[EventType "swiss"]
[EventRounds "9"]
[EventCountry "ESP"]
[SourceTitle "EXT 2020"]
[Source "ChessBase"]
[SourceDate "2019.10.17"]
[SourceVersion "1"]
[SourceVersionDate "2019.10.17"]
[SourceQuality "1"]

1. e4 d5 2. exd5 Qxd5 3. Nc3 Qd6 4. d4 Nf6 5. h3 c6 6. Nf3 Bf5 7. Bd3 Bxd3 8. Qxd3 Nbd7 9. Be3 g6 10. 0-0 Bg7 11. Rfd1 Nb6 12. Ne5 0-0 13. Qd2 Nbd5 14. Ne2 Nxe3 15. Qxe3 Nd5 16. Qg3 Rad8 17. c4 Nc7 18. Nc3 f5 19. f4 Ne6 20. d5 Nxf4 21. Qxf4 Qxe5 22. Qd2 cxd5 23. cxd5 Rd7 24. Re1 Qd4+ 25. Qxd4 Bxd4+ 26. Kf1 Bxc3 27. bxc3 Rc8 28. Rac1 Kf7 29. Red1 b5 30. Rd4 Rc5 31. c4 bxc4 32. Rcxc4 Rcxd5 33. Rxd5 Rxd5 34. a4 Ke6 35. Rc6+ Rd6 36. Rc5 Ra6 37. a5 Kd7 38. Kf2 Re6 39. Rb5 Kc6 40. Rb3 Re5 41. Ra3 Kb7 42. Rd3 g5 43. Kf3 h5 44. g4 hxg4+ 45. hxg4 f4 46. Rd7+ Ka6 47. Rc7 e6 48. Re7 Kxa5 49. Rxa7+ Kb6 50. Ra3 Kc5 51. Ra5+ Kd6 52. Ra6+ Ke7 53. Ra3 Re1 54. Kf2 Rh1 55. Kg2 Rh4 56. Ra7+ Kf6 57. Kf3 Rh3+ 0-1